| 000 | 00921cab a2200205 4500 | ||
|---|---|---|---|
| 001 | L136833 | ||
| 008 | 070227n2007 000 0 eng u | ||
| 035 | _a(Sirsi) u136833 | ||
| 041 | _aeng | ||
| 100 | 1 | _aScott, Lucy | |
| 245 | 0 | 0 | _aCome and get it |
| 260 | _c2007 | ||
| 490 | 0 | 0 |
_aEstates Gazette _v(0708) 24 February 2007, 70-74(4) |
| 520 | _aLooks at the results of the 16th EG/PSD salary survey finding that even talented graduates from outside surveying can cash in on the booming demand for their skills. An average salary is shown to be £51 359 for members of the property profession. However 10% earned more than £100 000 and 20% of respondents earned only between £20 000 and £29 999. Graphs and tables. | ||
| 590 | _aKA NTK | ||
| 650 | 2 | 4 | _aESTATES GAZETTE/PSD SALARY AND BENEFITS SURVEY |
| 651 | 4 | _aGREAT BRITAIN | |
| 690 | _aCAREERS, EDUCATION AND TRAINING-SURVEYING APPOINTMENTS | ||
| 942 | _n0 | ||
| 999 |
_c78459 _d78459 |
||